[Event "Mittelrhein Verbandsliga-N 18/19"]
[Site "Nordrheinwestfalen"]
[Date "2018.09.30"]
[Round "2.4"]
[White "Brungs, Sven"]
[Black "Koenner, Martin"]
[Result "1/2-1/2"]
[WhiteElo "1791"]
[BlackElo "1936"]
[PlyCount "63"]
[EventDate "2018.09.02"]
[EventType "team-tourn"]
[EventRounds "12"]
[EventCountry "GER"]
[SourceTitle "EXT 2022"]
[Source "ChessBase"]
[SourceDate "2021.10.06"]
[SourceVersion "1"]
[SourceVersionDate "2021.10.06"]
[SourceQuality "1"]
[WhiteTeam "Porz SG III"]
[BlackTeam "Rheinpark BSG"]
[WhiteTeamCountry "GER"]
[BlackTeamCountry "GER"]

1. b4 e5 2. a3 f5 3. Bb2 d6 4. e3 Nf6 5. c4 Be7 6. Ne2 0-0 7. d4 Nbd7 8. Nbc3 Qe8 9. d5 Ne4 10. Qc2 Ndf6 11. g3 Ng4 12. Nd1 Nexf2 13. Nxf2 Nxe3 14. Qc3 Bg5 15. Bc1 f4 16. Bxe3 fxe3 17. Ne4 Bh6 18. Qb3 Qh5 19. Bg2 Bg4 20. Qd3 Rf2 21. Nxf2 exf2+ 22. Kf1 e4 23. Bxe4 Re8 24. Nc3 Rf8 25. Bg2 Qe5 26. Be4 Bh3+ 27. Bg2 Bf5 28. Be4 Bxe4 29. Qxe4 Qxc3 30. Kg2 Bd2 31. Rhf1 Be1 32. Raxe1 1/2-1/2

[Event "Mittelrhein Verbandsliga-N 18/19"]
[Site "Nordrheinwestfalen"]
[Date "2018.09.02"]
[Round "1.6"]
[White "Hess, Dennis"]
[Black "Brungs, Sven"]
[Result "1/2-1/2"]
[WhiteElo "1908"]
[BlackElo "1791"]
[PlyCount "43"]
[EventDate "2018.09.02"]
[EventType "team-tourn"]
[EventRounds "12"]
[EventCountry "GER"]
[SourceTitle "EXT 2022"]
[Source "ChessBase"]
[SourceDate "2021.10.06"]
[SourceVersion "1"]
[SourceVersionDate "2021.10.06"]
[SourceQuality "1"]
[WhiteTeam "Langenfeld II"]
[BlackTeam "Porz SG III"]
[WhiteTeamCountry "GER"]
[BlackTeamCountry "GER"]

1. e4 e6 2. d4 d5 3. exd5 exd5 4. Nf3 Nf6 5. Bd3 Be7 6. h3 h6 7. Be3 Be6 8. Nbd2 Nbd7 9. Ne5 Nxe5 10. dxe5 Nd7 11. Nf3 c6 12. Nd4 Nc5 13. Nxe6 Nxe6 14. 0-0 Bc5 15. Bd2 Bd4 16. Qe2 Qc7 17. c3 Bb6 18. Bf5 Qe7 19. Qg4 g6 20. Bc2 0-0-0 21. Kh1 h5 22. Qg3 1/2-1/2

[Event "GER-chT U16"]
[Site "Magdeburg"]
[Date "2014.12.27"]
[Round "1.2"]
[White "Kololli, Martin"]
[Black "Brungs, Sven"]
[Result "1-0"]
[WhiteElo "2148"]
[BlackElo "1796"]
[PlyCount "91"]
[EventDate "2014.12.27"]
[EventType "team-swiss"]
[EventRounds "7"]
[EventCountry "GER"]
[SourceTitle "EXT 2016"]
[Source "ChessBase"]
[SourceDate "2015.10.08"]
[SourceVersion "1"]
[SourceVersionDate "2015.10.08"]
[SourceQuality "1"]
[WhiteTeam "Luebeck"]
[BlackTeam "Porz SG"]
[WhiteTeamCountry "GER"]
[BlackTeamCountry "GER"]

1. e4 g6 2. d4 Bg7 3. Nf3 d6 4. Nc3 Nf6 5. h3 0-0 6. Be3 Nfd7 7. Qd2 c5 8. Bh6 Nc6 9. Bxg7 Kxg7 10. Be2 a6 11. 0-0 b5 12. a4 b4 13. Nd5 Bb7 14. Rfd1 Nb6 15. Ne3 h6 16. Ng4 Rh8 17. dxc5 dxc5 18. Qe3 Qe8 19. Qxc5 Nd7 20. Qc4 a5 21. Qb5 Qc8 22. Qd3 Nc5 23. Qe3 Ne6 24. Bc4 h5 25. Ngh2 Ba6 26. Bd5 Bb7 27. c4 Ned8 28. c5 e6 29. Bb3 Qc7 30. Rd6 Bc8 31. Rc1 Nb7 32. Rdd1 Qe7 33. Nd4 Nxd4 34. Qxd4+ e5 35. Qe3 Qc7 36. c6 Nd6 37. Nf3 f6 38. Bd5 Ba6 39. b3 Rhf8 40. Rc2 Bc8 41. Rcd2 Rd8 42. Ne1 Ba6 43. Qc5 Rab8 44. Nd3 Bxd3 45. Rxd3 Nb7 46. Qa7 1-0

[Event "GER-chT U16"]
[Site "Lingen"]
[Date "2013.12.30"]
[Round "7.4"]
[White "Waschischeck, Tom"]
[Black "Brungs, Sven"]
[Result "1/2-1/2"]
[WhiteElo "1727"]
[BlackElo "1758"]
[PlyCount "97"]
[EventDate "2013.12.27"]
[EventType "team-swiss"]
[EventRounds "7"]
[EventCountry "GER"]
[SourceTitle "EXT 2015"]
[Source "ChessBase"]
[SourceDate "2014.11.20"]
[SourceVersion "1"]
[SourceVersionDate "2014.11.20"]
[SourceQuality "1"]
[WhiteTeam "Leipzig"]
[BlackTeam "Koeln Porz"]
[WhiteTeamCountry "GER"]
[BlackTeamCountry "GER"]

1. e4 c6 2. d4 d5 3. exd5 cxd5 4. c4 Nf6 5. Nc3 e6 6. c5 Be7 7. Nf3 0-0 8. h3 b6 9. b4 a5 10. Na4 axb4 11. Nxb6 Ra7 12. Bf4 Nbd7 13. Nxc8 Qxc8 14. Qb3 Qb7 15. Rc1 Rc8 16. a4 Bxc5 17. dxc5 Nxc5 18. Qe3 Ra5 19. Bb5 Nxa4 20. Rxc8+ Qxc8 21. Bxa4 Rxa4 22. 0-0 Ne4 23. Qb6 Nc3 24. Bd6 Na2 25. Qb5 Ra7 26. Qc5 Qxc5 27. Bxc5 Rb7 28. Rb1 f6 29. Nd2 e5 30. f3 Kf7 31. Kf2 g6 32. Rb2 Rb5 33. Rxa2 Rxc5 34. Ra7+ Kg8 35. Rb7 Rc2 36. Ke2 Rb2 37. Kd3 f5 38. g3 e4+ 39. fxe4 fxe4+ 40. Ke3 d4+ 41. Kxe4 Rxd2 42. Rxb4 Rg2 43. Rb3 Rd2 44. Rd3 Rxd3 45. Kxd3 Kf7 46. Kxd4 Ke6 47. Ke4 h6 48. g4 g5 49. Kd4 1/2-1/2

[Event "GER-chT U16"]
[Site "Lingen"]
[Date "2013.12.28"]
[Round "3.4"]
[White "Zimmer, Raphael"]
[Black "Brungs, Sven"]
[Result "1/2-1/2"]
[WhiteElo "1625"]
[BlackElo "1758"]
[PlyCount "76"]
[EventDate "2013.12.27"]
[EventType "team-swiss"]
[EventRounds "7"]
[EventCountry "GER"]
[SourceTitle "EXT 2015"]
[Source "ChessBase"]
[SourceDate "2014.11.20"]
[SourceVersion "1"]
[SourceVersionDate "2014.11.20"]
[SourceQuality "1"]
[WhiteTeam "Sasbach"]
[BlackTeam "Koeln Porz"]
[WhiteTeamCountry "GER"]
[BlackTeamCountry "GER"]

1. e4 c6 2. d4 d5 3. exd5 cxd5 4. c4 Nf6 5. Nc3 Nc6 6. Nf3 Bg4 7. cxd5 Nxd5 8. Be2 e6 9. Nxd5 Qxd5 10. 0-0 Be7 11. h3 Bh5 12. Be3 0-0 13. a3 Rfd8 14. Qa4 a6 15. Rfd1 Bg6 16. Rd2 b5 17. Qd1 Na5 18. Ne5 Rac8 19. Nxg6 hxg6 20. Bf3 Qb3 21. Rb1 Qxd1+ 22. Rdxd1 Rd7 23. Rd3 Nc4 24. Rc3 Rdc7 25. Rbc1 Bd6 26. R1c2 Nxe3 27. Rxc7 Rxc7 28. Rxc7 Bxc7 29. fxe3 a5 30. b4 axb4 31. axb4 Bd6 32. Bc6 Bxb4 33. Bxb5 Kf8 34. Kf2 Ke7 35. Kf3 f6 36. h4 Be1 37. g3 f5 38. Kf4 Bf2 1/2-1/2

[Event "GER-chT U16"]
[Site "Lingen"]
[Date "2013.12.27"]
[Round "1.4"]
[White "Moenius, Oliver"]
[Black "Brungs, Sven"]
[Result "0-1"]
[WhiteElo "1400"]
[BlackElo "1758"]
[PlyCount "60"]
[EventDate "2013.12.27"]
[EventType "team-swiss"]
[EventRounds "7"]
[EventCountry "GER"]
[SourceTitle "EXT 2015"]
[Source "ChessBase"]
[SourceDate "2014.11.20"]
[SourceVersion "1"]
[SourceVersionDate "2014.11.20"]
[SourceQuality "1"]
[WhiteTeam "Hoechstadt/Aisch"]
[BlackTeam "Koeln Porz"]
[WhiteTeamCountry "GER"]
[BlackTeamCountry "GER"]

1. d4 Nf6 2. c4 c5 3. d5 e6 4. Nc3 exd5 5. cxd5 d6 6. e4 g6 7. Nf3 Bg7 8. Bd3 0-0 9. 0-0 a6 10. a4 b6 11. Bf4 Bb7 12. Qc2 Qe7 13. Rfe1 Nbd7 14. Qd2 Ne5 15. Nxe5 dxe5 16. Bh6 Ne8 17. Bxg7 Kxg7 18. Re3 Qg5 19. Rd1 Nd6 20. Rf3 Qxd2 21. Rxd2 c4 22. Bf1 b5 23. Re2 b4 24. Na2 a5 25. b3 Ba6 26. Re1 cxb3 27. Bxa6 bxa2 28. Bb5 Nxb5 29. axb5 a4 30. Rd3 b3 0-1

[Event "GER-chT U14"]
[Site "Lingen"]
[Date "2011.12.30"]
[Round "7.2"]
[White "Oehne, Timo"]
[Black "Brungs, Sven"]
[Result "0-1"]
[WhiteElo "1809"]
[BlackElo "1516"]
[PlyCount "54"]
[EventDate "2011.12.27"]
[EventType "team-swiss"]
[EventRounds "7"]
[EventCountry "GER"]
[SourceTitle "EXT 2022"]
[Source "ChessBase"]
[SourceDate "2021.10.06"]
[SourceVersion "1"]
[SourceVersionDate "2021.10.06"]
[SourceQuality "1"]
[WhiteTeam "Lingen U14"]
[BlackTeam "Porz SG U14"]
[WhiteTeamCountry "GER"]
[BlackTeamCountry "GER"]

1. e4 e5 2. Bc4 Nc6 3. d3 Nf6 4. Nf3 Bc5 5. c3 h6 6. b4 Bd6 7. 0-0 0-0 8. a4 a6 9. Na3 Ne7 10. Qb3 c6 11. d4 Ng6 12. Re1 b5 13. Bd3 Bc7 14. Bd2 Re8 15. axb5 axb5 16. c4 bxc4 17. Bxc4 d5 18. exd5 cxd5 19. Bb5 Re6 20. dxe5 Nxe5 21. Nd4 Rb6 22. f4 Neg4 23. Rad1 Ne4 24. Bc1 Qh4 25. Nf3 Qf2+ 26. Kh1 Rg6 27. Rf1 Qb6 0-1

[Event "GER-chT U14"]
[Site "Lingen"]
[Date "2011.12.28"]
[Round "3.2"]
[White "Brungs, Sven"]
[Black "Hinrichs, Lars"]
[Result "0-1"]
[WhiteElo "1516"]
[BlackElo "1900"]
[PlyCount "61"]
[EventDate "2011.12.27"]
[EventType "team-swiss"]
[EventRounds "7"]
[EventCountry "GER"]
[SourceTitle "EXT 2022"]
[Source "ChessBase"]
[SourceDate "2021.10.06"]
[SourceVersion "1"]
[SourceVersionDate "2021.10.06"]
[SourceQuality "1"]
[WhiteTeam "Porz SG U14"]
[BlackTeam "Hamburger SK U14"]
[WhiteTeamCountry "GER"]
[BlackTeamCountry "GER"]

1. d4 Nf6 2. Nf3 g6 3. c4 Bg7 4. Nc3 0-0 5. e4 d6 6. Be2 e5 7. d5 Na6 8. Bg5 h6 9. Bh4 c6 10. 0-0 g5 11. Bg3 cxd5 12. cxd5 Nh5 13. Nd2 Nf4 14. Bc4 f5 15. Kh1 Nc5 16. Bxf4 gxf4 17. b4 Nxe4 18. Ncxe4 fxe4 19. Nxe4 Bf5 20. f3 Rc8 21. Rc1 Qb6 22. a3 Bxe4 23. fxe4 Qd4 24. Qd3 Rc7 25. Qe2 Rfc8 26. Rfd1 Qe3 27. Qf1 Qxa3 28. b5 Qb4 29. Bd3 Rc3 30. h3 Qc5 31. Qe1 0-1

[Event "GER-chT U14"]
[Site "Lingen"]
[Date "2011.12.27"]
[Round "2.2"]
[White "Wendland, Tobias"]
[Black "Brungs, Sven"]
[Result "0-1"]
[WhiteElo "1621"]
[BlackElo "1516"]
[PlyCount "72"]
[EventDate "2011.12.27"]
[EventType "team-swiss"]
[EventRounds "7"]
[EventCountry "GER"]
[SourceTitle "EXT 2022"]
[Source "ChessBase"]
[SourceDate "2021.10.06"]
[SourceVersion "1"]
[SourceVersionDate "2021.10.06"]
[SourceQuality "1"]
[WhiteTeam "Backnang U14"]
[BlackTeam "Porz SG U14"]
[WhiteTeamCountry "GER"]
[BlackTeamCountry "GER"]

1. d4 Nf6 2. c4 c5 3. d5 e5 4. Nc3 d6 5. e4 Be7 6. Bd3 0-0 7. Be3 Ne8 8. Nge2 g6 9. Bh6 Ng7 10. Qd2 a6 11. f3 f5 12. 0-0-0 f4 13. Bxg7 Kxg7 14. Rdf1 Bg5 15. Kb1 Rf7 16. Qe1 b6 17. h4 Bh6 18. g4 fxg3 19. Qxg3 Kh8 20. f4 Qf8 21. f5 gxf5 22. Qf3 f4 23. Na4 Qd8 24. Nac3 Raa7 25. Nc1 Rg7 26. Qh5 Bg4 27. Qxh6 Rg6 28. Qxg6 hxg6 29. h5 gxh5 30. Rfg1 Rh7 31. Be2 f3 32. Bf1 Nd7 33. Bh3 Nf6 34. Nd1 Bxh3 35. Rxh3 Nxe4 36. Rxf3 Nd2+ 0-1

[Event "GER-chT U12"]
[Site "Gross Doelln"]
[Date "2010.12.30"]
[Round "7.2"]
[White "Roehlich, Philipp"]
[Black "Brungs, Sven"]
[Result "1-0"]
[WhiteElo "1585"]
[BlackElo "1191"]
[PlyCount "159"]
[EventDate "2010.12.27"]
[EventType "team-swiss"]
[EventRounds "7"]
[EventCountry "GER"]
[SourceTitle "CBM 140 Extra"]
[Source "ChessBase"]
[SourceDate "2011.03.01"]
[SourceVersion "1"]
[SourceVersionDate "2011.03.01"]
[SourceQuality "1"]
[WhiteTeam "Trier U12"]
[BlackTeam "Porz SG U12"]
[WhiteTeamCountry "GER"]
[BlackTeamCountry "GER"]

1. Nf3 Nf6 2. g3 d5 3. Bg2 c6 4. 0-0 Bg4 5. d4 Nbd7 6. b3 e6 7. Bb2 Be7 8. Nbd2 0-0 9. c4 Rc8 10. Re1 Re8 11. e4 Bb4 12. e5 Ne4 13. Nxe4 Bxe1 14. Nd6 Ba5 15. Nxb7 Qb6 16. Nd6 Red8 17. c5 Qb8 18. Nxc8 Rxc8 19. Qc2 Bf5 20. Qe2 Qb7 21. Nh4 Bg6 22. Nxg6 hxg6 23. Qd3 Rb8 24. f4 Bc7 25. Bc3 a5 26. Rb1 Qa7 27. a3 a4 28. b4 Rb5 29. Bf1 Qa8 30. Qc2 Rb8 31. b5 Kf8 32. b6 Nxb6 33. cxb6 Bxb6 34. Bb4+ Kg8 35. Qc3 Ba5 36. Bd3 Bb6 37. Kg2 Rc8 38. Rc1 c5 39. Qc2 c4 40. Be2 Bxd4 41. Be1 Be3 42. Bd2 Bxd2 43. Qxd2 d4+ 44. Bf3 Qa7 45. Qb4 c3 46. Be4 Rb8 47. Qc4 Rb2+ 48. Rc2 Rb3 49. Qc8+ Kh7 50. Qf8 Qd7 51. Bd3 Qd5+ 52. Kf2 Qh1 53. Qxf7 Qxh2+ 54. Kf3 Qh1+ 55. Rg2 Qh5+ 56. Ke4 Qf5+ 57. Qxf5 gxf5+ 58. Kxd4 Rxa3 59. Rc2 Ra1 60. Bc4 Kg6 61. Bxe6 a3 62. Kxc3 Rg1 63. Re2 Rxg3+ 64. Kc2 Rg4 65. Rf2 Rg3 66. Kb1 Rg1+ 67. Ka2 Rg3 68. Bb3 Kh5 69. Bd1+ Kg6 70. Rf3 Rg2+ 71. Kxa3 Rd2 72. Rg3+ Kf7 73. Bb3+ Kf8 74. Rh3 Rf2 75. Rh4 Rf3 76. Kb4 Re3 77. Bd5 g5 78. Rh8+ Kg7 79. Rg8+ Kh6 80. Rxg5 1-0

[Event "GER-chT U12"]
[Site "Gross Doelln"]
[Date "2010.12.28"]
[Round "4.2"]
[White "Brungs, Sven"]
[Black "Wastian, Jan"]
[Result "0-1"]
[WhiteElo "1191"]
[BlackElo "1409"]
[PlyCount "82"]
[EventDate "2010.12.27"]
[EventType "team-swiss"]
[EventRounds "7"]
[EventCountry "GER"]
[SourceTitle "CBM 140 Extra"]
[Source "ChessBase"]
[SourceDate "2011.03.01"]
[SourceVersion "1"]
[SourceVersionDate "2011.03.01"]
[SourceQuality "1"]
[WhiteTeam "Porz SG U12"]
[BlackTeam "Brackel U12"]
[WhiteTeamCountry "GER"]
[BlackTeamCountry "GER"]

1. d4 d5 2. Nf3 Nf6 3. Bf4 e6 4. e3 Bb4+ 5. c3 Be7 6. Nbd2 0-0 7. Bd3 c5 8. 0-0 Nc6 9. Re1 b6 10. e4 dxe4 11. Nxe4 cxd4 12. Nxf6+ Bxf6 13. Be4 Bb7 14. Bxc6 Bxc6 15. cxd4 Bxf3 16. Qxf3 Qxd4 17. Rab1 Qa4 18. a3 Rac8 19. Red1 Rfd8 20. Rxd8+ Rxd8 21. h3 h6 22. Bc7 Qc2 23. Bxd8 Qxb1+ 24. Kh2 Bxd8 25. Qa8 Qd3 26. Qxa7 Qc2 27. Qa8 Qc7+ 28. Kg1 Kh7 29. Qe4+ Kg8 30. Qa8 g6 31. b3 Kg7 32. Qa4 Bf6 33. Qb5 Be5 34. Qc4 Qxc4 35. bxc4 Kf6 36. Kf1 Ke7 37. Ke2 Kd6 38. Kd3 Kc5 39. g4 f5 40. f3 g5 41. a4 Bf6 0-1

[Event "GER-chT U12"]
[Site "Gross Doelln"]
[Date "2010.12.27"]
[Round "2.2"]
[White "Brungs, Sven"]
[Black "Mager, Denis"]
[Result "1/2-1/2"]
[WhiteElo "1191"]
[BlackElo "1780"]
[PlyCount "46"]
[EventDate "2010.12.27"]
[EventType "team-swiss"]
[EventRounds "7"]
[EventCountry "GER"]
[SourceTitle "CBM 140 Extra"]
[Source "ChessBase"]
[SourceDate "2011.03.01"]
[SourceVersion "1"]
[SourceVersionDate "2011.03.01"]
[SourceQuality "1"]
[WhiteTeam "Porz SG U12"]
[BlackTeam "Frankfurt Makkabi U12"]
[WhiteTeamCountry "GER"]
[BlackTeamCountry "GER"]

1. d4 Nf6 2. Nf3 d5 3. Bf4 c6 4. e3 Bf5 5. Nbd2 Nbd7 6. Be2 e6 7. 0-0 Be7 8. Re1 0-0 9. c4 Rc8 10. Rc1 Qb6 11. Qb3 Ne4 12. c5 Qxb3 13. Nxb3 g5 14. Bg3 h5 15. h3 g4 16. hxg4 Nxg3 17. gxf5 Nxf5 18. Bd3 Ng7 19. e4 dxe4 20. Bxe4 Nf6 21. Bc2 Nd5 22. Bd3 Bg5 23. Rcd1 h4 1/2-1/2